书目信息 |
| 题名: |
时尚热菜
|
|
| 作者: | 吴秋兴 主编 ;上海良安大饭店 编 | |
| 分册: | ||
| 出版信息: | 上海 上海科学技术文献出版社 2006 |
|
| 页数: | 66页 | |
| 开本: | 19cm | |
| 丛书名: | 大厨的手艺 百姓的口福 | |
| 单 册: | ||
| 中图分类: | TS972.12 | |
| 科图分类: | ||
| 主题词: | 菜谱--中国--图集 | |
| 电子资源: | ||
| ISBN: | 7-5439-2730-6 | |
| 000 | 00841oam2 2200253 450 | |
| 001 | 012006003560 | |
| 005 | 20061113085004.26 | |
| 010 | @a7-5439-2730-6@dCNY16.00 | |
| 100 | @a20060207d2006 em y0chiy0110 ea | |
| 101 | 0 | @achi |
| 102 | @aCN@b310000 | |
| 105 | @aa z 000yy | |
| 200 | 1 | @a时尚热菜@9shi shang re cai@f吴秋兴主编@g上海良安大饭店编 |
| 210 | @a上海@c上海科学技术文献出版社@d2006 | |
| 215 | @a66页@c图@d19cm | |
| 225 | 2 | @a大厨的手艺 百姓的口福 |
| 330 | @a本书介绍了“牛花白灵菇”、“鸿运基围虾”、“富贵龙须鱼”等68例菜肴的材料、制作方法和特点。 | |
| 461 | 0 | @12001 @a大厨的手艺 百姓的口福 |
| 606 | 0 | @a菜谱@y中国@j图集 |
| 690 | @aTS972.12@v4 | |
| 701 | 0 | @a吴秋兴@9wu qiu xing@4主编 |
| 712 | 02 | @a上海良安大饭店@9shang hai liang an da fan dian@4编 |
| 801 | 0 | @aCN@bRENTIAN@c20061113 |
| 905 | @a10447@dTS972.12@e154 | |
| 时尚热菜/吴秋兴主编/上海良安大饭店编.-上海:上海科学技术文献出版社,2006 |
| 66页:图;19cm.-(大厨的手艺 百姓的口福) |
| ISBN 7-5439-2730-6:CNY16.00 |
| 本书介绍了“牛花白灵菇”、“鸿运基围虾”、“富贵龙须鱼”等68例菜肴的材料、制作方法和特点。 |
| ● |
| 相关链接 |
|
|
|
|
正题名:时尚热菜
索取号:TS972.12/154
 
预约/预借
| 序号 | 登录号 | 条形码 | 馆藏地/架位号 | 状态 | 备注 |
| 1 | 0384156 | 203841566 | 第二样本阅览室/ [索取号:TS972.12/154] | 在馆 | |
| 2 | 0384157 | 203841575 | 第三借阅区/ [索取号:TS972.12/154] | 在馆 | |
| 3 | 0384158 | 203841584 | 第三借阅区/ [索取号:TS972.12/154] | 在馆 | |
| 4 | 0384159 | 203841593 | 第三借阅区/ [索取号:TS972.12/154] | 在馆 | |
| 5 | 0384160 | 203841600 | 第三借阅区/ [索取号:TS972.12/154] | 在馆 |